=LDR 00000nam 2200000 4500 =001 INLIS000000000015370 =005 20130612110641 =008 ***********************************Ind** =035 ##$$0010-061300000015370 =041 ##$$a Ind =082 ##$$a 657.07 =090 ##$$a 657.07, NUR-p =100 ##$$a Nurdin, Muh B =245 ##$$a Pelajaran Akuntansi untuk Kelas 2, Muh. Nurdin B =260 ##$$a 21 cm $b Surabaya =300 ##$$a vii, 205 hlm, 21 cm =650 ##$$a Akuntansi-Studi dan Penyajian =850 ##$$a NBPNMAT